|
|
|
|
| LEADER |
02377njm a2200673 a 4500 |
| 001 |
000422024 |
| 003 |
CZ BrMZK |
| 005 |
20210503161508.0 |
| 008 |
980105s1997 xr f cze d |
| 028 |
0 |
3 |
|a LT 0049-2 331
|b Lotos
|
| 040 |
|
|
|a BOA001
|b cze
|
| 041 |
1 |
|
|a cze
|a rom
|
| 080 |
|
|
|a 784.4(086.7)
|2 MRF
|
| 100 |
1 |
|
|a Kelarová, Ida,
|d 1956-
|7 xx0010206
|4 prf
|
| 245 |
1 |
0 |
|a Ida Kelarová a hosté
|h [zvukový záznam] /
|c Ida Kelarová.
|
| 246 |
3 |
3 |
|a Martinette
|
| 246 |
3 |
3 |
|a Ogrejala
|
| 246 |
3 |
3 |
|a Pasi
|
| 246 |
3 |
3 |
|a Sedí sokol
|
| 246 |
3 |
3 |
|a Shenala
|
| 246 |
3 |
3 |
|a Souratgaré
|
| 246 |
3 |
3 |
|a Te me pijav
|
| 246 |
3 |
3 |
|a Zalený víneček
|
| 246 |
3 |
3 |
|a Acalari bomba
|
| 246 |
3 |
3 |
|a Allahou- "Quwali"
|
| 246 |
3 |
3 |
|a Barem sergem
|
| 246 |
3 |
3 |
|a Chikomo
|
| 246 |
3 |
3 |
|a Dobrú noc
|
| 246 |
3 |
3 |
|a Duna ide
|
| 246 |
3 |
3 |
|a Ej, hora, hora
|
| 246 |
3 |
3 |
|a Ej, lásko, lásko
|
| 246 |
3 |
3 |
|a Ej, slniečko horúce
|
| 246 |
3 |
3 |
|a Godiny, godiny
|
| 246 |
3 |
3 |
|a Jedna sestra bratra měla
|
| 246 |
3 |
3 |
|a Joj mamo dado
|
| 246 |
3 |
3 |
|a Kusiyavana
|
| 246 |
3 |
3 |
|a Lalelisi
|
| 246 |
3 |
3 |
|a Mari posa Blanca
|
| 260 |
|
|
|a Praha :
|b Lotos,
|c p1997
|
| 300 |
|
|
|a 1 CD :
|b DDD ;
|c 12 cm +
|e 1 složený list.
|
| 306 |
|
|
|a 011925
|
| 500 |
|
|
|a Durata 79:25
|
| 500 |
|
|
|a Text v doprovod. mater. vícejaz.
|
| 500 |
|
|
|a Nahr. 1997
|
| 505 |
2 |
|
|a Barem sergem, Ej hoha, hora, Jedna sestra bratra měla ... [et al.]
|
| 511 |
0 |
|
|a Iva Bittová, zpěv; Věra Bílá, zpěv; Equidad Bares, zpěv ... [et al.]. Kale; Trio Božura; Bogoro
|
| 653 |
0 |
|
|a africké lidové písně
|a bulharské lidové písně
|a moravské lidové písně
|a pákistánské lidové písně
|a romské písně
|a slovenské lidové písně
|a španělské lidové písně
|a íránské lidové písně
|
| 700 |
1 |
|
|a Chiweshe, Stella,
|d 1946-
|7 osa2010593986
|4 prf
|
| 700 |
1 |
|
|a Pourhosseini, Nasrin
|4 prf
|
| 700 |
1 |
|
|a Bares, Equidad
|4 prf
|
| 700 |
1 |
|
|a Bittová, Iva,
|d 1958-
|7 jn19981000272
|4 prf
|
| 700 |
1 |
|
|a Bílá, Věra,
|d 1954-2019
|7 jn20000400343
|4 prf
|
| 710 |
2 |
|
|a Kale (hudební skupina)
|7 ko2003164619
|
| 710 |
2 |
|
|a Trio Božura (hudební skupina)
|4 prf
|
| 710 |
2 |
|
|a Bogoro (hudební skupina)
|7 ko2002151726
|4 prf
|
| 910 |
|
|
|a BOA001
|b CD-0007.242
|
| 964 |
|
|
|a Písně lidové
|x CD
|
| 990 |
|
|
|a AV
|
| 996 |
6 |
|
|b 261H007742
|c CD-0007.242
|l MZK
|r Sklad / do 24 hodin
|n 0
|p p.v.
|w 000422024
|u 000010
|a 1
|e BOA001
|j MZK50
|s P
|